| 000 | 01395nam a2200361Ia 4500 | ||
|---|---|---|---|
| 001 | ebr10554072 | ||
| 003 | CaPaEBR | ||
| 006 | m u | ||
| 007 | cr cn||||||||| | ||
| 008 | 010322s2001 laua sb s001 0beng d | ||
| 010 | _z 2001001766 | ||
| 020 | _z0807127019 | ||
| 020 | _z9780807132494 | ||
| 020 | _z9780807149232 | ||
| 040 |
_aCaPaEBR _cCaPaEBR |
||
| 035 | _a(OCoLC)794490993 | ||
| 050 | 1 | 4 |
_aKF8745.M3 _bN49 2001eb |
| 082 | 0 | 4 |
_a347.73/2634 _aB _221 |
| 100 | 1 | _aNewmyer, R. Kent. | |
| 245 | 1 | 0 |
_aJohn Marshall and the heroic age of the Supreme Court _h[electronic resource] / _cR. Kent Newmyer. |
| 260 |
_aBaton Rouge : _bLouisiana State University Press, _cc2001. |
||
| 300 |
_axviii, 511 p. : _bill. |
||
| 490 | 1 | _aSouthern biography series | |
| 504 | _aIncludes bibliographical references and index. | ||
| 533 |
_aElectronic reproduction. _bPalo Alto, Calif. : _cebrary, _d2013. _nAvailable via World Wide Web. _nAccess may be limited to ebrary affiliated libraries. |
||
| 600 | 1 | 0 |
_aMarshall, John, _d1755-1835. |
| 610 | 1 | 0 |
_aUnited States. _bSupreme Court _vBiography. |
| 650 | 0 |
_aJudges _zUnited States _vBiography. |
|
| 655 | 7 |
_aElectronic books. _2local |
|
| 710 | 2 | _aebrary, Inc. | |
| 830 | 0 | _aSouthern biography series. | |
| 856 | 4 | 0 |
_uhttp://site.ebrary.com/lib/rucke/Doc?id=10554072 _zAn electronic book accessible through the World Wide Web; click to view |
| 999 |
_c90922 _d90922 |
||